00802nam a2200193 i 4500001000400000245019800004260004700202300002700249505005400276650001800330700002900348040000800377041000800385942000700393008004100400999001700441856009800458952005200556bgj00aA treasury of short stories :bfavorites of the past hundred years frim Turgenev to Thurber from Balzac to Hemingway with bibliographical sketches of the authors /cedited by Bernardine Kielty. aNew York :bSimon and Schuster,ccp. 1947. aXIII, 849 pp ;c22 cm. aIncludes bibliographical sketches of the authors. 9aShort stories1 aKIELTY, Bernardine.eed. cBPK1 aeng cKS s uk f |000 0 eng  c47440d47440 uhttp://koha.tu.koszalin.pl/cgi-bin/koha/opac-detail.pl?biblionumber=47440yKatalog online BPK 00104070aBPKbBPKckwoKA 3767p09037854yKS